000 00315nam a22001337a 4500
008 171025b xxu||||| |||| 00| 0 eng d
020 _a9780073252919
041 _aeng
080 _24 ED
_a311
100 _a55
101 _aSTA
245 _aBUSSINESS STATISTICS IN PRACTICE
_cBOWERMAN.B.L
942 _2udc
_cBK
999 _c35864
_d35864